LEADER 01228nam0-22003611i-450- 001 990002025700403321 005 20081209130217.0 035 $a000202570 035 $aFED01000202570 035 $a(Aleph)000202570FED01 035 $a000202570 100 $a20030910d1992----km-y0itay50------ba 101 0 $aita 102 $aIT 105 $aa-------001yy 200 1 $a<>protezione delle foreste dai lepidotteri defogliatori$eelementi per la conoscenza dell'entomofauna nociva e suggerimenti di difesa in chiave ecologica$fR. Prota, P. Luciano, I. Floris 210 $aSassari$cIstituto di entomologia agraria. Universitŕ di Sassari$d1992 215 $a91 p.$cill.$d24 cm 610 0 $aLepidotteri defogliatori 610 0 $aEntomologia forestale 676 $a634.9 676 $a595.78 700 1$aProta,$bRomolo$069430 701 1$aLuciano,$bPietro$0358500 701 1$aFloris,$bIgnazio$0360258 801 0$aIT$bUNINA$gRICA$2UNIMARC 901 $aBK 912 $a990002025700403321 952 $a61 VIII C.8/ 51$b4094 (17/05/93)$fDAGEN 952 $a61 IX B.7/42$b4094 (17/05/93)$fDAGEN 959 $aDAGEN 996 $aProtezione delle foreste dai lepidotteri defogliatori$9404589 997 $aUNINA LEADER 01409cam0-2200361---450- 001 990004758040403321 005 20080318103502.0 035 $a000475804 035 $aFED01000475804 035 $a(Aleph)000475804FED01 035 $a000475804 100 $a19990604d1961----km-y0itay50------ba 101 1 $alat 102 $aBE 105 $aa-------00--- 200 1 $aCategoriae, vel Praedicamenta$eTranslatio Boethii, Editio composita, Translatio Guillelmi De Moerbeka, Lemmata e Simplicii commentario decerpta, Pseudo-Augustini paraphrasis themistiana$f[Aristoteles]$gEdidit Laurentius Minio-Paluello 210 $aBruges ; Paris$cDesclče de Brouwer$d1961 215 $aXCVI, 257 p.$cill.$d25 cm 225 1 $aCorpus Philosophorum Medii Aevi$fAccademiarum Consociatarum auspicii et consilio editum$iAristoteles latinus$v1.1-5 500 10$aCategoriae$m$916659 676 $a185 700 1$aAristoteles$f<384-322 a. C.>$04207 702 1$aBoethius,$bAnicius Manlius Torquatus Severinus$f<475/480-ca. 524/525> 702 1$aGuglielmo Di Moerbeke 702 1$aMinio-Paluello,$bLorenzo$f<1907-1986> 801 0$aIT$bUNINA$gRICA$2UNIMARC 901 $aBK 912 $a990004758040403321 952 $aP2B-610-ARISTOT.-403L-1961$bBibl. 35103$fFLFBC 952 $aP2B-610-ARISTOT.-403L-1961 bis$bBibl. 419$fFLFBC 959 $aFLFBC 996 $aCategoriae$916659 997 $aUNINA LEADER 03122nam 2200589Ia 450 001 9910786336003321 005 20200520144314.0 010 $a1-283-65869-0 010 $a1-61149-392-7 035 $a(CKB)2670000000277710 035 $a(EBL)1042725 035 $a(SSID)ssj0000756822 035 $a(PQKBManifestationID)12366370 035 $a(PQKBTitleCode)TC0000756822 035 $a(PQKBWorkID)10753572 035 $a(PQKB)11146015 035 $a(MiAaPQ)EBC1042725 035 $a(Au-PeEL)EBL1042725 035 $a(CaPaEBR)ebr10612151 035 $a(CaONFJC)MIL397119 035 $a(OCoLC)817829353 035 $a(EXLCZ)992670000000277710 100 $a20120823d2013 uy 0 101 0 $aeng 135 $aur|n|---||||| 181 $ctxt 182 $cc 183 $acr 200 14$aThe romance of the lyric in nineteenth-century women's poetry$b[electronic resource] $eexperiments in form /$fLee Christine O'Brien 210 $aNewark $cUniversity of Delaware Press$dc2013 215 $a1 online resource (261 p.) 300 $aDescription based upon print version of record. 311 $a1-61149-391-9 320 $aIncludes bibliographical references (p. 221-234) and index. 327 $aContents; Acknowledgments; Introduction; Chapter One: Reading Nineteenth-Century Women's Poetry in the Twenty-First Century; Chapter Two: From Rags to Verses: Technology, Fugitive Poetry, and the Domestic as Ephemera; Chapter Three: Lyric Space and Romance Forms; Chapter Four: Uncanny Transactions and Canny Forms: Rosamund Marriott Watson's Ma?rchen; Chapter Five: Parodic Myth: Unveiling Allegory and the Domestication of Myth in an Early Victorian Love Lyric; Chapter Six: "And Ho, So Very Still She Stands": Rosamund Marriott Watson's Pygmalion and The Art of the House 327 $aChapter Seven: Monsters and DoublesChapter Eight: "Witches' Play"; Bibliography; Index; About the Author 330 $aThis feminist recuperation of the work of numerous women across the Romantic and Victorian periods presented in this monograph puts not only the canon of poetry under interrogation but also periodisation. Using a number of previously unknown women poets, and a new elaboration of the significance of the work of Rosamund Marriott Watson, this study intersects with some of the most exciting current debates in nineteenth-century studies, around, for example, the uses of sentimentality and emotion, material culture, the archive, and parody. 606 $aEnglish poetry$xWomen authors$xHistory and criticism 606 $aEnglish poetry$y19th century$xHistory and criticism 606 $aWomen in literature 615 0$aEnglish poetry$xWomen authors$xHistory and criticism. 615 0$aEnglish poetry$xHistory and criticism. 615 0$aWomen in literature. 676 $a821.8099287 700 $aO'Brien$b Lee Christine$01521983 801 0$bMiAaPQ 801 1$bMiAaPQ 801 2$bMiAaPQ 906 $aBOOK 912 $a9910786336003321 996 $aThe romance of the lyric in nineteenth-century women's poetry$93761478 997 $aUNINA